[Event "62nd ch-RUS w"]
[Site "Moscow RUS"]
[Date "2012.08.05"]
[Round "3"]
[White "Pogonina,N"]
[Black "Charochkina,D"]
[Result "1/2-1/2"]
[WhiteElo "2448"]
[BlackElo "2353"]

1.e4 c5 2.Nf3 Nc6 3.d4 cxd4 4.Nxd4 e6 5.Nc3 d6 6.Be2 Nf6 7.O-O Be7 8.Kh1 O-O
9.f4 Qb6 10.Nb3 a5 11.a4 Nb4 12.Bf3 e5 13.Re1 Qf2 14.Bd2 exf4 15.Nd5 Nfxd5
16.exd5 Bg5 17.Nxa5 Na6 18.Nc4 Qc5 19.b3 Nb4 20.Bc3 Bf5 21.Rc1 Rfe8 22.Bxb4 Qxb4
23.Re2 Bd7 24.Qd2 Qc5 25.Rxe8+ Rxe8 26.Re1 Rxe1+ 27.Qxe1 b5 28.axb5 Bxb5
29.Qa5 g6 30.Nxd6 Qxc2 31.Qa8+ Kg7 32.Qa1+ Bf6 33.Qd1 Qxd1+ 34.Bxd1 Bd7 35.Bg4 Be7
36.Bxd7 Bxd6 37.Kg1 Kf6 38.Kf2 Ke5 39.Be8 Kxd5 40.Bxf7+ Ke5 41.Kf3  1/2-1/2

[Event "16th HZ Open"]
[Site "Vlissingen NED"]
[Date "2012.08.05"]
[Round "2"]
[White "Van Assendelft,F"]
[Black "Volkers,A"]
[Result "1-0"]
[WhiteElo "2383"]
[BlackElo "2026"]

1.Nf3 c5 2.d4 cxd4 3.Nxd4 Nc6 4.Nc3 e6 5.e4 Qc7 6.Be2 a6 7.Be3 Nf6 8.a3 Be7
9.f4 d6 10.g4 O-O 11.g5 Nd7 12.h4 b5 13.Nxc6 Qxc6 14.h5 Nb6 15.h6 g6 16.Qd4  1-0

[Event "62nd ch-RUS w"]
[Site "Moscow RUS"]
[Date "2012.08.06"]
[Round "4"]
[White "Kosintseva,T"]
[Black "Girya,O"]
[Result "1-0"]
[WhiteElo "2530"]
[BlackElo "2433"]

1.e4 c5 2.Nf3 Nc6 3.Nc3 e6 4.d4 cxd4 5.Nxd4 Qc7 6.Be3 Nf6 7.f4 Bb4 8.Nb5 Qa5
9.e5 Nd5 10.Bd2 Nxc3 11.Bxc3 O-O 12.Qd2 f6 13.exf6 Rxf6 14.a3 Bxc3 15.Nxc3 d5
16.g3 Bd7 17.Bg2 Be8 18.O-O Qb6+ 19.Kh1 Bg6 20.b3 Qd4 21.Rad1 Qxd2 22.Rxd2 Ne7
23.Nb5 a6 24.Nd6 b6 25.Nc4 b5 26.Ne5 Rc8 27.Rff2 Nc6 28.Nd7 Rf7 29.Nc5 Nd8
30.b4 Rc6 31.g4 Nb7 32.f5 Nxc5 33.bxc5 Rxc5 34.fxg6 hxg6 35.Rfe2 Rc6 36.h3 g5
37.Re5 Rf6 38.Re3 Kf7 39.Kh2 Rc5 40.Kg3 Rf4 41.Rde2 Rf6 42.Rd3 Rf4 43.Bf3 Rf6
44.Re5 Rxc2 45.Rxg5 Rc1 46.Re5 Rg1+ 47.Kh2 Rc1 48.g5 Rf4 49.Kg3 Ra4 50.Rde3 d4
51.R3e4 d3 52.Rxe6 Rxe4 53.Rxe4 Rc3 54.h4 Rxa3 55.h5 Rc3 56.Rd4 a5 57.Kf4 a4
58.Bd5+ Ke7 59.Ke4 d2 60.Rxd2 Rh3 61.Kf5 Rxh5 62.Bc6 Rh4 63.Bxb5 Rb4 64.Bc6 Rc4
65.Rd7+ Kf8 66.Bd5  1-0

[Event "10th EU U14 2012"]
[Site "Mureck AUT"]
[Date "2012.08.06"]
[Round "6.10"]
[White "Hristov,K"]
[Black "Simonsen,Mathias Kejlstrup"]
[Result "1-0"]
[WhiteElo "1680"]
[BlackElo "1822"]

1.e4 c5 2.Nf3 Nc6 3.d4 cxd4 4.Nxd4 e6 5.Nc3 Qc7 6.Be2 a6 7.Be3 Nf6 8.O-O Bb4
9.f3 h5 10.Nxc6 bxc6 11.Na4 Rb8 12.c4 h4 13.c5 h3 14.g3 Ba5 15.a3 Qb7 16.Bf4 Bc7
17.Bxc7 Qxc7 18.b4 Qe5 19.Qd3 g5 20.Rad1 Nh5 21.Qd6 Qxd6 22.Rxd6 Ke7 23.Rfd1 Nf6
24.Nb6 Rg8 25.Bc4 Rd8 26.Kf2 Ne8 27.R6d3 Nc7 28.g4 Na8 29.Nxc8+ Rbxc8 30.Bxa6 Rc7
31.Kg3 Rh8 32.Ra1 Ra7 33.Bc4 Nc7 34.a4 Rb8 35.Rb3 Kf6 36.Kxh3 Ke5 37.Kg3 Na6
38.Bxa6 Rxa6 39.a5 Kd4 40.Rab1 Kc4 41.h4 gxh4+ 42.Kxh4 Rg8 43.Kg3 Rh8 44.R3b2 Kb5
45.Kf4 f6 46.e5 fxe5+ 47.Kxe5 Rf8 48.f4 Raa8 49.Rd1 Rf7 50.Rd4 Rg8 51.Rg2 Ka6
52.g5 Rg6 53.Kd6 Kb5 54.Ke5 Ka6 55.Rh2 Rf5+ 56.Ke4 Rg7 57.Ke3 Kb5 58.Re4 Ka6
59.Rh8 Kb7 60.Rd8 Rd5 61.Rd4 Rxd4 62.Kxd4 Ka6 63.Ke5 Rf7 64.g6 Rg7 65.Kf6  1-0

[Event "2nd Riga Tech Open"]
[Site "Riga LAT"]
[Date "2012.08.06"]
[Round "1.2"]
[White "Skuja,A"]
[Black "Ehlvest,J"]
[Result "0-1"]
[WhiteElo "2157"]
[BlackElo "2601"]

1.e4 c5 2.Nf3 e6 3.d4 cxd4 4.Nxd4 Nc6 5.Nc3 a6 6.Be3 Nf6 7.Nxc6 bxc6 8.e5 Nd5
9.Nxd5 cxd5 10.Qd4 Rb8 11.O-O-O Be7 12.Qg4 g6 13.h4 h5 14.Qf4 Bb7 15.Bd3 Bc6
16.a3 Bb5 17.g3 Qc7 18.Bd4 Rc8 19.Qe3 Bxd3 20.Qxd3 Bc5 21.Rd2 Qb7 22.Qe3 Bxd4
23.Rxd4 Rc6 24.g4 hxg4 25.Rxg4 Qc7 26.c3 Rc4 27.Rd4 Qc5 28.Qf4 Rh5 29.Rhd1 Rxd4
30.Rxd4 Qc7 31.Qf6 Qxe5 32.Qxe5 Rxe5 33.Kd2 Re4 34.Rxe4 dxe4 35.c4 d6 36.Ke3 f5
37.Kd4 Kd7 38.b4 Kc6 39.a4 e5+ 40.Ke3 d5 41.b5+ Kb6  0-1

[Event "Miguel Najdorf Open A"]
[Site "Warsaw POL"]
[Date "2012.08.06"]
[Round "1.1"]
[White "Nowicki,B"]
[Black "Jakubowski,K"]
[Result "1/2-1/2"]
[WhiteElo "2158"]
[BlackElo "2523"]

1.e4 c5 2.Nf3 e6 3.d4 cxd4 4.Nxd4 Nc6 5.Nc3 Qc7 6.Be3 a6 7.Bd3 Nf6 8.O-O h5
9.h3 b5 10.Nxc6 Qxc6 11.a3 Bb7 12.Qe2 b4 13.axb4 Bxb4 14.f3 Bxc3 15.bxc3 Qxc3
16.Ra4 d5 17.exd5 Nxd5 18.Bd4 Qc7 19.Be5 Qc5+ 20.Bd4 Qc6 21.Rc4 Qd6 22.Bxg7 Rg8
23.Be5 Qb6+ 24.Bd4 Qd6 25.Be5 Qb6+ 26.Bd4 Qd6 27.Be5  1/2-1/2

[Event "10th EU U14 2012"]
[Site "Mureck AUT"]
[Date "2012.08.07"]
[Round "7.15"]
[White "Eranne,Tomi"]
[Black "Saavalainen,Ellis"]
[Result "1/2-1/2"]
[WhiteElo "1533"]
[BlackElo "1611"]

1.e4 c5 2.Nf3 e6 3.d4 cxd4 4.Nxd4 Nc6 5.Nc3 Qc7 6.Be3 Nf6 7.Bc4 a6 8.O-O b5
9.Be2 Be7 10.Qd2 Bb7 11.f3 O-O 12.a3 d5 13.exd5 Nxd4 14.Bxd4 Nxd5 15.Nxd5 Bxd5
16.Qc3  1/2-1/2

[Event "10th EU U14 2012"]
[Site "Mureck AUT"]
[Date "2012.08.07"]
[Round "7.8"]
[White "Wu,Min"]
[Black "Whatley,Stephen A J"]
[Result "1-0"]
[WhiteElo "1831"]
[BlackElo "1641"]

1.e4 c5 2.Nf3 Nc6 3.d4 cxd4 4.Nxd4 e6 5.Nc3 Qc7 6.Be2 Nf6 7.O-O a6 8.Be3 Bb4
9.Na4 Be7 10.Nxc6 bxc6 11.Nb6 Rb8 12.Nxc8 Qxc8 13.Bd4 c5 14.Be5 Rb6 15.Qd3 O-O
16.b3 d6 17.Bc3 Rc6 18.Qg3 Ne8 19.Rfd1 Bf6 20.e5 dxe5 21.Bxe5 Bxe5 22.Qxe5 Qc7
23.Qxc7 Nxc7 24.a4 e5 25.Rd7 Ne6 26.c3 Nf4 27.Bf1 Rg6 28.g3 Rb8 29.Rad1 Ne6
30.Bxa6 Nf8 31.Ra7 h5 32.Bc4 Rf6 33.Rd5 Ne6 34.Rxe5 Rf3 35.Rxh5 Rxc3 36.Rf5 Rf8
37.Rb7 g6 38.Re5 Rxc4 39.bxc4 Ra8 40.Rxe6 fxe6 41.Rb5 Rxa4 42.Rxc5 Kf7 43.Kg2 Ke7
44.h4 Kf7 45.g4 Ra3 46.f3 Rd3 47.Rc7+ Kf8 48.Kg3 Rd4 49.c5 Rc4 50.c6 Kg8
51.Kf2 Rc3 52.Ke2 Kf8 53.Rc8+ Kg7 54.c7 Rc4 55.Kd3 Rc1 56.Kd4 Rd1+ 57.Ke5 Re1+
58.Kd6 Rd1+ 59.Kxe6 Re1+ 60.Kd5 Rd1+ 61.Ke4 Re1+ 62.Kf4 Rc1 63.h5 gxh5 64.gxh5 Rc4+
65.Kg3 Rc3 66.Kg4 Rc4+ 67.f4 Rc5 68.f5 Rc1 69.h6+ Kh7 70.Kg5 Rc6 71.Kf4 Rc1
72.Ke5 Re1+ 73.Kf6 Rc1 74.Re8 Rc6+ 75.Re6 Rc1 76.Re7+ Kxh6 77.Kf7 Kg5 78.f6 Rc2
79.Rd7 Rc6 80.Ke8 Rxf6 81.Re7 Rc6 82.Kd7  1-0

[Event "11th Braunau Open A"]
[Site "Ranshofen AUT"]
[Date "2012.08.07"]
[Round "5.3"]
[White "Panchanathan,M"]
[Black "Dovzik,J"]
[Result "1-0"]
[WhiteElo "2564"]
[BlackElo "2346"]

1.e4 c5 2.Nf3 Nc6 3.d4 cxd4 4.Nxd4 e6 5.Nc3 Qc7 6.Be2 a6 7.O-O Nf6 8.Be3 Be7
9.f4 d6 10.Kh1 O-O 11.a4 Bd7 12.Qe1 Nb4 13.Qg3 Kh8 14.Bd3 Rac8 15.Rad1 Nxd3
16.Rxd3 b5 17.axb5 axb5 18.e5 dxe5 19.fxe5 Nd5 20.Nf5 exf5 21.Nxd5 Qxc2 22.Bh6 gxh6
23.Nxe7 Rg8 24.Nxg8 Rxg8 25.Rxd7 Rxg3 26.hxg3 Kg8 27.e6 fxe6 28.Ra1 Qc8 29.Raa7 Qf8
30.Re7 f4 31.gxf4 e5 32.f5  1-0

[Event "11th Braunau Open A"]
[Site "Ranshofen AUT"]
[Date "2012.08.07"]
[Round "5.5"]
[White "Heiduczek,J"]
[Black "Farago,I"]
[Result "0-1"]
[WhiteElo "2214"]
[BlackElo "2491"]

1.e4 c5 2.Nf3 e6 3.d4 cxd4 4.Nxd4 Nc6 5.Nc3 a6 6.Nxc6 bxc6 7.Bd3 d5 8.O-O Nf6
9.Bg5 Be7 10.e5 Nd7 11.Bxe7 Qxe7 12.Qh5 c5 13.b3 Bb7 14.f4 g6 15.Qh6 Qf8
16.Qh3 Qg7 17.Rae1 O-O 18.Nd1 Rae8 19.c4 d4 20.Nf2 f6 21.exf6 Nxf6 22.Re5 Nh5
23.g3 Qc7 24.Rfe1 Nf6 25.Ng4 Re7 26.Nxf6+ Rxf6 27.Qh4 Kg7 28.f5 Ref7 29.fxe6 Re7
30.Qg5 Qd6 31.Rd5 Rexe6 32.Qxf6+ Kxf6 33.Rxd6 Rxd6 34.Kf2 Re6 35.Rxe6+ Kxe6
36.Ke2 Ke5 37.a3 a5 38.Kd2 Be4 39.Bf1 Kf5 40.Be2 Bg2 41.Kd3 Ke5 42.Kd2 Ke4
43.Bg4 Bf1 44.Bd1 h5 45.Bc2+ d3 46.Bb1 g5 47.Ke1 Be2 48.Kd2 g4 49.Ba2 Kd4
50.Bb1 Bf1 51.Ba2 Bg2 52.Bb1 Be4 53.Ba2 Bg6 54.a4 Bf5 55.Bb1 Be4 56.Ba2 Bg2
57.Bb1 Bf1 58.Ba2 Be2 59.Bb1 Ke4 60.Ba2 Kf3 61.Bb1 Kg2 62.Bxd3 Bf3 63.Ke3 Kxh2
64.Kf4 h4 65.gxh4 g3 66.Bf1 Be2 67.Bg2 Kxg2 68.b4 Kf2  0-1

[Event "16th HZ Open"]
[Site "Vlissingen NED"]
[Date "2012.08.07"]
[Round "5"]
[White "Haimovich,T"]
[Black "Blom,V"]
[Result "1/2-1/2"]
[WhiteElo "2388"]
[BlackElo "2139"]

1.e4 c5 2.Nf3 Nc6 3.Nc3 e6 4.d4 cxd4 5.Nxd4 a6 6.g3 Bc5 7.Nb3 Ba7 8.Bg2 Nge7
9.O-O O-O 10.Bf4 e5 11.Bd2 d6 12.Qe2 Be6 13.Be3 Qc8 14.Rfd1 Rd8 15.Rd2 Nb4
16.Bxa7 Rxa7 17.Qe3 Qb8 18.Rad1 b6 19.f4 f6 20.f5 Bf7 21.g4 Rad7 22.g5 fxg5
23.Qxg5 h6 24.Qg3 Kh7 25.Bh3 Ng8 26.Rg2 Bh5 27.f6 Nxf6 28.Bf5+ Kh8 29.Bxd7 Rxd7
30.Rf1 Qd8 31.a3 Nc6 32.Qh4 Bf7 33.Rgf2 Bc4 34.Ne2 Bxe2 35.Rxe2 d5 36.exd5 Rxd5
37.Ref2 Rd6 38.Rg2 e4 39.Qg3 Qe7 40.Re1 Rd5 41.Kh1 Qd7 42.Reg1 Ne5 43.c4 Nxc4
44.Qxg7+ Qxg7 45.Rxg7 Ne5 46.Re7 Nf3 47.Rc1 Rh5 48.Rc8+ Ng8 49.Kg2 Rxh2+
50.Kg3 Rxb2 51.Nc1 Rc2 52.Rxc2 Nxe7 53.Rc7 Nd4 54.Ra7 e3 55.Rxa6 Nef5+ 56.Kf4 b5
57.Rf6 Kg7 58.Rxf5 Nxf5 59.Kxf5 Kf7 60.Ne2 Ke7 61.Ke5 h5 62.Nd4 Kd7 63.Ke4 e2
64.Nxe2 Kc6 65.Kd4 h4 66.Nf4 Kb6 67.Kc3 Ka6 68.Kb4 Kb6 69.Nd5+ Kc6 70.Nf4 Kb6
71.Nh3 Ka6  1/2-1/2

[Event "Euro Chess Tournament GpA 2012"]
[Site "Borne NED"]
[Date "2012.08.08"]
[Round "5"]
[White "Senders,Justin"]
[Black "Lensink,Daan"]
[Result "1/2-1/2"]
[WhiteElo "1913"]
[BlackElo "1715"]

1.e4 c5 2.Nf3 Nc6 3.d4 cxd4 4.Nxd4 e6 5.Nc3 Qc7 6.Be2 a6 7.O-O Nf6 8.Re1 Nxd4
9.Qxd4 Bc5 10.Qd3 h5 11.h3 d6 12.Be3 b5 13.Bxc5 dxc5 14.Rad1 Ke7 15.Bf3 Rd8  1/2-1/2

[Event "FSFMA1 August 2012"]
[Site "Budapest HUN"]
[Date "2012.08.08"]
[Round "5.4"]
[White "Jamalia,N"]
[Black "Hecht,C"]
[Result "0-1"]
[WhiteElo "1997"]
[BlackElo "2064"]

1.e4 c5 2.Nf3 e6 3.d4 cxd4 4.Nxd4 Nc6 5.Nc3 Qc7 6.Be2 a6 7.O-O Nf6 8.a3 Be7
9.Be3 O-O 10.Kh1 d6 11.f4 Nxd4 12.Bxd4 b5 13.Bd3 e5 14.Be3 exf4 15.Bxf4 Be6
16.Qf3 Nd7 17.Qg3 Ne5 18.Rad1 Rac8 19.Rd2 Qb8 20.Be2 Rc5 21.Be3 Rc6 22.Nd5 Bxd5
23.exd5 Rcc8 24.Bg4 Rc4 25.Be2 Re4 26.Rd4 Rxd4 27.Bxd4 Kh8 28.Rf5 Bf6 29.Rh5 Qc8
30.Bd3 h6 31.Qe3 Re8 32.Bxe5 Rxe5 33.Rxe5 Bxe5 34.Qe4 g6 35.c3 Qc5 36.Qf3 Kg7
37.g3 a5 38.Kg2 b4 39.axb4 axb4 40.cxb4 Qxb4 41.Qe2 Bxb2 42.Be4 Be5 43.Bf3 Qc3
44.g4 Qc1 45.Qe4 Qg5 46.Kh1 Qd2 47.Qe2 Qf4 48.Kg1 Kf6 49.Kh1 Kg5 50.Kg1 f5  0-1

[Event "CEG vs Legends 2012"]
[Site "Geneve SUI"]
[Date "2012.08.08"]
[Round "7"]
[White "Vuilleumier,A"]
[Black "Ribli,Z"]
[Result "0-1"]
[WhiteElo "2332"]
[BlackElo "2561"]

1.e4 c5 2.Nf3 e6 3.d4 cxd4 4.Nxd4 Nc6 5.Nc3 Qc7 6.Be3 a6 7.Qd2 Nf6 8.O-O-O Bb4
9.f3 Ne5 10.Nb3 b5 11.Qe1 Be7 12.f4 Ng6 13.e5 Ng4 14.Ne4 Nxe3 15.Qxe3 O-O
16.h4 Bb7 17.h5 Rac8 18.Bd3 Nxe5 19.fxe5 Qxe5 20.Rhg1 f5 21.Qg3 Qxg3 22.Nxg3 Bg5+
23.Rd2 Be3 24.Ne2 e5 25.c3 Rc6 26.Kd1 Rd6 27.Bc2 Rxd2+ 28.Nxd2 Bxg1 29.Bb3+ d5
30.Nxg1 Kf7 31.Ngf3 Kf6 32.g3 Rd8 33.Ke2 Bc6 34.Nh2 Be8 35.g4 Kg5 36.Nhf3+ Kf4
37.gxf5 Bxh5 38.Kf2 Bg4 39.Nh4 Bxf5 40.Nxf5 Kxf5 41.Bc2+ Kf4 42.Bxh7 Rh8
43.Bg6 Rh2+ 44.Ke1 e4 45.Bf7 e3 46.Nf1 Rxb2 47.Bxd5 g5  0-1

[Event "Olomouc GM Valoz Cup"]
[Site "Olomouc CZE"]
[Date "2012.08.08"]
[Round "10.2"]
[White "Bae,T"]
[Black "Simantsev,M"]
[Result "1-0"]
[WhiteElo "2420"]
[BlackElo "2526"]

1.e4 c5 2.Nf3 e6 3.d4 cxd4 4.Nxd4 Nc6 5.Nc3 Qc7 6.Be2 a6 7.a3 Nf6 8.Be3 Be7
9.f4 d6 10.O-O O-O 11.Kh1 Bd7 12.Qe1 Nxd4 13.Bxd4 Bc6 14.Qg3 Rad8 15.Bd3 b5
16.Rae1 Rfe8 17.e5 dxe5 18.Bxe5 Qb7 19.f5 exf5 20.Bxf5 Nh5 21.Qh3 g6 22.Be4 Bg5
23.Qf3 Rc8 24.Bxc6 Rxc6 25.Bc7 Rf8 26.Bd6 Rfc8 27.Nd5 Kh8 28.Ne7 f6 29.c3 Qd7
30.Nxc8 Rxc8 31.Bb4 f5 32.Rd1 Qf7 33.Rfe1 Nf6 34.Be7 Re8 35.Bxf6+ Bxf6 36.Rxe8+ Qxe8
37.Qb7 Qe2 38.Qc8+ Kg7 39.Qd7+ Be7 40.Qd2 Qh5 41.Re1 Bf6 42.Qe3 Qh4 43.g3 Qc4
44.Kg2 a5 45.Rd1 Qc6+ 46.Qf3 Qe8 47.Rd2 Bg5 48.Re2 Qd7 49.h4 Bf6 50.h5 Kh6
51.g4 Bg5 52.gxf5 gxf5 53.Kh3 Kg7 54.Re5 f4+ 55.Kh2 h6 56.Qe4 Qd2+ 57.Kh3  1-0

[Event "Miguel Najdorf Open A"]
[Site "Warsaw POL"]
[Date "2012.08.08"]
[Round "3.2"]
[White "Warakomski,T"]
[Black "Wojciechowski,Pi"]
[Result "1-0"]
[WhiteElo "2491"]
[BlackElo "2314"]

1.e4 c5 2.Nf3 e6 3.d4 cxd4 4.Nxd4 Nc6 5.Nc3 Qc7 6.g3 a6 7.Bg2 Bb4 8.Nxc6 Bxc3+
9.bxc3 dxc6 10.Qg4 f6 11.Qh5+ Qf7 12.Qc5 Qe7 13.Qa5 Qd8 14.Qh5+ g6 15.Qc5 Qe7
16.Qb6 Qd8 17.Qb3 Qa5 18.a4 c5 19.O-O Ne7 20.Be3 Nc6 21.f4 O-O 22.Rad1 Kg7
23.e5 fxe5 24.Bxc6 bxc6 25.Qc4 Rd8 26.fxe5 Rxd1 27.Rxd1 Ra7 28.Qh4  1-0

[Event "38th Badalona Open A"]
[Site "Badalona ESP"]
[Date "2012.08.09"]
[Round "9.2"]
[White "Kiewra,K"]
[Black "Ortiz Suarez,I"]
[Result "1/2-1/2"]
[WhiteElo "2364"]
[BlackElo "2569"]

1.e4 c5 2.Nf3 e6 3.d4 cxd4 4.Nxd4 Nc6 5.Nc3 Qc7 6.Be3 Nf6 7.f3 a6 8.Qd2 b5
9.Nxc6 dxc6 10.O-O-O Be7 11.g4 e5 12.h4 Be6 13.Bh3 Rd8 14.Qf2 Rxd1+ 15.Rxd1 h5
16.Bb6 Qb7 17.g5 Bxh3 18.gxf6 Bxf6 19.Bc5 Be6 20.b4 Be7 21.Qg3 Bxc5 22.bxc5 O-O
23.Qxe5 Bc4 24.Rg1 f6 25.Qxh5 Qc7 26.Qg4 Rf7 27.f4 f5 28.exf5 Qe7 29.Nd1 Bxa2
30.Rg3 Qf6 31.Qg5 Qa1+ 32.Kd2 Rd7+ 33.Rd3 Rxd3+ 34.cxd3 Bb3 35.Nf2 Qb2+ 36.Ke3 Qc1+
37.Kd4 Qa1+ 38.Ke3 Qe1+ 39.Kf3 Bd5+ 40.Ne4 b4 41.f6 Bxe4+ 42.dxe4 Qc3+ 43.Ke2 Qc2+
44.Ke3 Qc1+ 45.Kd3 Qc3+ 46.Ke2 Qc2+ 47.Ke3 Qc1+ 48.Kd3 Qc3+  1/2-1/2

[Event "II Brazil Maringa Open"]
[Site "Maringa BRA"]
[Date "2012.08.09"]
[Round "2.8"]
[White "Araujo,Renan Aparecido"]
[Black "Tsuboi,E"]
[Result "0-1"]
[WhiteElo "1923"]
[BlackElo "2308"]

1.e4 c5 2.Nf3 Nc6 3.d4 cxd4 4.Nxd4 e6 5.Nc3 Qc7 6.Be3 a6 7.Qd2 Nf6 8.f3 b5
9.O-O-O Be7 10.Kb1 O-O 11.g4 Rd8 12.g5 Nh5 13.Nce2 Bb7 14.Ng3 Nxd4 15.Nxh5 Nxf3
16.Qf2 Rdc8 17.Bd3 Ne5 18.Nf6+ Bxf6 19.gxf6 g6 20.Bb6 Nxd3 21.Rxd3 Qe5 22.Bd4 Qxe4
23.Re1 Qf5 24.Qe3 Kh8 25.Qh6 Rg8 26.Rh3 g5 27.Rg1 Rac8  0-1

[Event "II Brazil Maringa Open"]
[Site "Maringa BRA"]
[Date "2012.08.09"]
[Round "2.12"]
[White "Brito,L"]
[Black "Boabaid,Jorge Alberto Duardes"]
[Result "1-0"]
[WhiteElo "2275"]
[BlackElo "1892"]

1.Nc3 c5 2.Nf3 Nc6 3.e4 e6 4.d4 cxd4 5.Nxd4 Bc5 6.Nb3 Bb6 7.Qg4 Qf6 8.Qg3 Nge7
9.Bd3 h6 10.f4 Qg6 11.Qh3 Nb4 12.Bd2 Nxd3+ 13.cxd3 a6 14.O-O-O d5 15.Qf3 Bd7
16.g4 Rc8 17.Kb1 Bc6 18.Rhe1 O-O 19.Qg3 Rfe8 20.f5 exf5 21.exf5 Qf6 22.Bf4 Bd7
23.Bd6 Rxc3 24.bxc3 Ba4 25.d4 Nc8 26.Rxe8+ Bxe8 27.Ba3 Qc6 28.Re1 Bd7 29.h3 Bc7
30.Qd3 a5 31.Nc5 Qb6+ 32.Ka1 Bb5 33.Qf3 Nd6 34.Rb1 Nc4 35.Bc1 Qc6 36.f6 b6
37.Nd3 Na3 38.Rb3 Nc2+ 39.Kb1 Bxd3 40.Qxd3 a4 41.Qb5 Qxf6 42.Qxa4 Qg6 43.Kb2 Qe4
44.Qd7 Bg3 45.Qc8+ Kh7 46.Qf5+ Kg8 47.Qxe4 dxe4  1-0

[Event "113th US Open 2012"]
[Site "Vancouver USA"]
[Date "2012.08.09"]
[Round "4"]
[White "Weatherspoon,Kyler J"]
[Black "Warrier,Krishnan"]
[Result "0-1"]
[WhiteElo "1949"]
[BlackElo "1979"]

1.e4 c5 2.Nf3 e6 3.d4 cxd4 4.Nxd4 Nc6 5.Nc3 Qc7 6.Be3 a6 7.Qd2 Nf6 8.f3 Bb4
9.O-O-O d5 10.Nxc6 Qxc6 11.e5 Nd7 12.Bd4 b5 13.Qg5 O-O 14.Bd3 Nc5 15.f4 Bd7
16.Qh4 g6 17.Qf2 Rfc8 18.h4 Rc7 19.h5 Be8 20.g4 Rac8 21.Rh2 Nxd3+ 22.Rxd3 Bf8
23.f5 b4 24.Nd1 Qc4 25.Kb1 Qxd3 26.hxg6 Qxd1+  0-1

[Event "FSFMA1 August 2012"]
[Site "Budapest HUN"]
[Date "2012.08.10"]
[Round "7.5"]
[White "Juracsik,J"]
[Black "Hecht,C"]
[Result "1/2-1/2"]
[WhiteElo "2142"]
[BlackElo "2064"]

1.e4 c5 2.Nf3 e6 3.d4 cxd4 4.Nxd4 Nc6 5.Nc3 Qc7 6.Be3 a6 7.Qd2 Nf6 8.O-O-O Be7
9.f3 O-O 10.g4 b5 11.g5 Nh5 12.Nce2 Rd8 13.Ng3 Nxd4 14.Qxd4 Nf4 15.h4 Bb7
16.Qb6 Qb8 17.Rg1 d5 18.Bd3 Nxd3+ 19.cxd3 d4 20.Bd2 Rd6 21.Qa5 Bd8  1/2-1/2

[Event "II Brazil Maringa Open"]
[Site "Maringa BRA"]
[Date "2012.08.10"]
[Round "5.4"]
[White "Matsuura,E"]
[Black "Feliciano,V"]
[Result "1/2-1/2"]
[WhiteElo "2487"]
[BlackElo "2231"]

1.e4 c5 2.Nf3 Nc6 3.Nc3 e6 4.d4 cxd4 5.Nxd4 Nf6 6.Nxc6 bxc6 7.e5 Nd5 8.Ne4 Qc7
9.f4 Qb6 10.c4 Bb4+ 11.Ke2 Ba6 12.Kf3 f5 13.Nf2 Ne7 14.Be3 c5 15.h4 Qc6+
16.Kg3 Bb7 17.Qd6 Rc8 18.Qxc6 Rxc6 19.Nd3 d6 20.a3 Ba5 21.exd6 Rxd6 22.Bxc5 Rd7
23.Be2 Bc7 24.Bxe7 Kxe7 25.Rad1 Rg8 26.Nc5 Rxd1 27.Rxd1 Bc8 28.Nd3 Kf6 29.Kf2 Rd8
30.g3 Rd4 31.c5 a5 32.b4 axb4 33.Nxb4 Re4 34.Bd3 Rd4 35.Ke3 e5 36.Bc2 Rc4
37.Nd5+ Kg6 38.Bd3 exf4+ 39.gxf4 Rxc5 40.Ne7+ Kf6 41.Nxc8 Rc3 42.Na7 Bb6+
43.Kd2 Rxa3 44.Nb5 Ra2+ 45.Bc2 Bf2 46.Nc3 Ra5 47.h5 g5 48.Ke2 Bh4 49.Rd6+ Kg7
50.h6+ Kf8 51.Rd8+ Kf7 52.Bb3+ Kg6 53.Rd6+ Kh5 54.Nd5 gxf4 55.Nxf4+ Kg4 56.Rd4 Re5+
57.Kd3 Re4 58.Ne6 Rxd4+ 59.Nxd4 Bf6 60.Bd1+ Kg5 61.Nxf5  1/2-1/2

[Event "II Brazil Maringa Open"]
[Site "Maringa BRA"]
[Date "2012.08.10"]
[Round "5.23"]
[White "Camargo,M"]
[Black "Santos,Emanuel Valentin Dos"]
[Result "1-0"]
[WhiteElo "2109"]
[BlackElo "1888"]

1.e4 c5 2.Nf3 Nc6 3.d4 cxd4 4.Nxd4 e6 5.Nc3 Qc7 6.Be3 a6 7.Bd3 Nf6 8.Nxc6 bxc6
9.O-O Be7 10.f4 d5 11.Qf3 O-O 12.Rae1 Nd7 13.Kh1 a5 14.exd5 cxd5 15.f5 Nf6
16.Bd4 Qb7 17.Qg3 Qb4 18.Rf4 Nh5 19.Qg4 Bf6 20.Qxh5 Bxd4 21.fxe6  1-0

[Event "TCh-ESP CECLUB 2a Gp1 2012"]
[Site "Padron ESP"]
[Date "2012.08.10"]
[Round "4.4"]
[White "Renilla Merchan,A"]
[Black "Quintin Navarro,A"]
[Result "0-1"]
[WhiteElo "1899"]
[BlackElo "2210"]

1.e4 c5 2.Nf3 e6 3.Nc3 Nc6 4.d4 cxd4 5.Nxd4 Qc7 6.Be3 a6 7.Bd3 Nf6 8.Nb3 Bb4
9.O-O Ne5 10.f4 Nc4 11.Bxc4 Bxc3 12.Bd4 Bxb2 13.Bxb2 Qxc4 14.Bxf6 gxf6 15.Qd6 Qxe4
16.Rad1 Rg8 17.Rd2 Qc6 18.Qd3 f5 19.Re1 Kf8 20.Nd4 Qc5 21.Kh1 b6 22.Re5 Qc7
23.Qh3 Qc4 24.Qh6+ Rg7 25.Re1 Bb7 26.Qf6 Be4 27.h3 Kg8 28.Qe5 h6 29.Qd6 Qc3
30.Rde2 Qxh3+  0-1

[Event "Stare Mesto Open 2012"]
[Site "Stare Mesto CZE"]
[Date "2012.08.10"]
[Round "1.4"]
[White "Chromik,T"]
[Black "Krejci,Jan2"]
[Result "0-1"]
[WhiteElo "1913"]
[BlackElo "2503"]

1.e4 c5 2.Nf3 e6 3.d4 cxd4 4.Nxd4 Nc6 5.Nc3 Qc7 6.Be3 a6 7.Be2 Nf6 8.Qd2 b5
9.f3 Bb7 10.Ndxb5 axb5 11.Nxb5 Qd8 12.Nd6+ Bxd6 13.Qxd6 Ba6 14.Bxa6 Rxa6
15.O-O Qe7 16.Qg3 O-O 17.Bg5 Kh8 18.Kh1 h6 19.Bd2 Qc5 20.Qh4 Rfa8 21.b4 Qb5
22.c4 Qxc4 23.Bxh6 Nh7 24.Bd2 Rxa2 25.Rac1 Rc2 26.Rcd1 Rxd2  0-1

[Event "Prva liga RS seniori 2012"]
[Site "Banja Vrucica SRB"]
[Date "2012.08.11"]
[Round "1"]
[White "Brenjo,S"]
[Black "Arsovic,Z"]
[Result "1/2-1/2"]
[WhiteElo "2507"]
[BlackElo "2439"]

1.e4 c5 2.Nf3 e6 3.d4 cxd4 4.Nxd4 Nc6 5.Nc3 Qc7 6.Be2 Nf6 7.O-O Be7 8.Be3 O-O
9.f4 d6 10.Kh1 a6 11.Qe1 Nxd4 12.Bxd4 b5 13.a3 Nd7 14.Qg3 Bf6 15.Bxf6 Nxf6
16.Rae1 Nd7 17.f5 Nf6 18.fxe6 fxe6 19.Rd1 Bb7 20.Qxd6 Qxd6 21.Rxd6 Nxe4 22.Nxe4 Bxe4
23.Rxf8+ Kxf8 24.Rxe6 Bxc2 25.Bf3 Ra7 26.Kg1 a5 27.Rb6 Bd3 28.Kf2 Re7 29.Rb7 Re5
30.h4 a4 31.Rb8+  1/2-1/2

[Event "16th HZ Open"]
[Site "Vlissingen NED"]
[Date "2012.08.11"]
[Round "9"]
[White "Heredia Tarrats,A"]
[Black "De Vleeschauwer,M"]
[Result "0-1"]
[WhiteElo "2151"]
[BlackElo "1996"]

1.e4 c5 2.Nf3 e6 3.d4 cxd4 4.Nxd4 Nc6 5.Nc3 Qc7 6.Nxc6 bxc6 7.Bd3 Nf6 8.O-O a6
9.Qe2 d5 10.Bg5 Bb7 11.Rad1 Bd6 12.Kh1 h6 13.Bh4 h5 14.Bg3 Bxg3 15.fxg3 Ng4
16.Qf3 d4 17.Ne2 Ne3 18.Nxd4 Nxd1 19.Rxd1 c5 20.Bb5+ axb5 21.Nxb5 Qe7 22.Nd6+ Kf8
23.Rf1 f6 24.Nc4 g6 25.Ne5 Kg7  0-1

[Event "Prva liga RS seniori 2012"]
[Site "Banja Vrucica SRB"]
[Date "2012.08.12"]
[Round "2"]
[White "Gavric,M"]
[Black "Tesic,D"]
[Result "1-0"]
[WhiteElo "2400"]
[BlackElo "2361"]

1.e4 c5 2.Nf3 e6 3.d4 cxd4 4.Nxd4 Nc6 5.Nc3 a6 6.Be2 Qc7 7.O-O Nf6 8.Kh1 d6
9.a4 Be7 10.f4 O-O 11.Be3 Re8 12.a5 Nxa5 13.e5 dxe5 14.fxe5 Qxe5 15.Bf4 Qc5
16.Na4 Qa7 17.Bc7 b5 18.Bxa5 bxa4 19.Bf3 Nd5 20.Bxd5 exd5 21.Rxf7 Qc5 22.Qh5 Bf8
23.Rxg7+ Bxg7 24.Qxe8+ Qf8 25.Qc6 Ra7 26.Bb4 Bd7 27.Bxf8  1-0

[Event "XIII Miquel Mas Open"]
[Site "Figueres ESP"]
[Date "2012.08.12"]
[Round "4.12"]
[White "Triadu Cassa,J"]
[Black "Cuadras Avellana,Jo"]
[Result "0-1"]
[WhiteElo "2138"]
[BlackElo "2344"]

1.e4 c5 2.Nf3 e6 3.d4 cxd4 4.Nxd4 Nc6 5.Nc3 Qc7 6.Be3 a6 7.f4 b5 8.Nxc6 Qxc6
9.Be2 Bc5 10.Bf3 Bxe3 11.e5 Qc7 12.Bxa8 Bxf4 13.Qf3 Qxe5+ 14.Ne2 Be3 15.Bb7 Ne7
16.Bxc8 Nxc8 17.Rd1 Nb6 18.Rd3 Nd5 19.Nc3 Bd4+ 20.Kd1 Bxc3 21.bxc3 O-O 22.Re1 Qc7
23.Rf1 Qc4 24.a3 a5 25.Kd2 Nb6 26.Qe3 Qc6 27.Kc1 Nc4 28.Qd4 d5 29.Rg3 e5
30.Qh4 f5 31.Qg5 Qd7 32.Rd1 Rf7 33.Rgd3 Qd6 34.Rf1 h6 35.Qh4 e4 36.Rg3 f4
37.Qh5 Qxa3+ 38.Kd1 Qd6 39.Rg6 Ne3+ 40.Ke2 Qc7  0-1

[Event "II Brazil Maringa Open"]
[Site "Maringa BRA"]
[Date "2012.08.12"]
[Round "8.5"]
[White "Marques,Joa"]
[Black "Tsuboi,E"]
[Result "1-0"]
[WhiteElo "2205"]
[BlackElo "2308"]

1.e4 c5 2.Nf3 Nc6 3.Nc3 e6 4.d4 cxd4 5.Nxd4 a6 6.Be3 Nf6 7.Nxc6 bxc6 8.e5 Nd5
9.Nxd5 cxd5 10.Bd3 d6 11.Bd4 dxe5 12.Bxe5 Qg5 13.Qe2 Bc5 14.f4 Qh6 15.Bb5+ axb5
16.Qxb5+ Bd7 17.Qxc5 f6 18.Bd6 Qg6 19.Qf2 Bb5 20.O-O-O Rxa2 21.Kb1 Ra6 22.f5 Qxf5
23.Qxf5 exf5 24.Rxd5 Bc6 25.Re1+ Kf7 26.Re7+ Kg6 27.Rd3 Rg8 28.Rg3+ Kh6 29.Rexg7 Rxg7
30.Bf4+ Rg5 31.h4 Kg6 32.hxg5 Be4 33.gxf6+ Kxf6 34.Rh3 Rc6 35.Rh6+ Kg7 36.Rxc6 Bxc6
37.g3 Kg6 38.Kc1 Kh5 39.Kd2 Kg4 40.Ke3 h5 41.c4 Ba4 42.b4 Bb3 43.c5 Ba4 44.Bd6  1-0